Dynamic programming

-д хадгалсан:
Номзүйн дэлгэрэнгүй
Үндсэн зохиолч: Bellman, Richard (Зохиогч)
Формат: Ном
Хэл сонгох:англи
Хэвлэсэн: Princeton Princeton University 1957
Нөхцлүүд:
Шошгууд: Шошго нэмэх
Шошго байхгүй, Энэхүү баримтыг шошголох эхний хүн болох!

MARC

LEADER 00000nam a2200000 a 4500
001 UCP1842
003 CL-VaPUC
008 990426e19570000us |||||||||||||||||eng|d
082 0 4 |a 519.703  |b BEL  |2 21 
100 0 |a Bellman, Richard  |e author  |9 428170 
245 1 0 |a Dynamic programming 
300 |a 340 p 
942 |c BK 
945 |d 19990426 00:00:00  |a crobeson 
260 |a Princeton  |b Princeton University  |c 1957 
650 0 |a Programación dinámica   |9 324757 
650 0 |a Procesos estocásticos   |9 260364 
650 0 |a Convergencia  |9 325469 
650 7 |a FUNCION DELTA  |2 CL-VaPUC  |9 428171 
650 0 |a Optimización matemática  |9 259780 
583 |a last modification  |c 20171205 04:38:19  |k Rodrigo Vera 
999 |c 280473  |d 280471 
952 |0 0  |1 0  |4 0  |6 519_703000000000000_BEL_1957  |7 0  |8 A  |9 320780  |a BIBMAT  |b BIBMAT  |d 2019-11-20  |i 1344471  |o 519.703 BEL 1957  |p 1344471  |r 2025-01-07  |w 2019-11-20  |y BK  |k MAT